00971cam a22002534a 45000010009000000050017000090080041000260100017000670200028000840400018001120420008001300500022001381000027001602450069001872500012002562600039002683000038003075040051003456500017003966500024004138560083004378560106005208560091006261371544820170114103804.0040910s2005 njua 001 0 eng  a 2004059413 a0471472743 (alk. paper) aDLCcDLCdDLC apcc00aNC750b.M648 20051 aMontague, John,d1944-10aBasic perspective drawing :ba visual approach /cJohn Montague. a4th ed. aHoboken, N.J. :bJ. Wiley,cc2005. aix, 271 p. :bill. ;c21 x 28 cm. aIncludes bibliographical references and index. 0aPerspective. 0aDrawingxTechnique.413Table of contents onlyuhttp://www.loc.gov/catdir/toc/wiley051/2004059413.html423Contributor biographical informationuhttp://www.loc.gov/catdir/enhancements/fy0618/2004059413-b.html423Publisher descriptionuhttp://www.loc.gov/catdir/enhancements/fy0618/2004059413-d.html